| 000 | 00506nam a22001817a 4500 | ||
|---|---|---|---|
| 003 | LK-CoDNM | ||
| 005 | 20241226120739.0 | ||
| 008 | 241226b |||||||| |||| 00| 0 eng d | ||
| 040 |
_aLK-CoDNM _dLK-CoDNM _eLK-CoDNM |
||
| 041 | _asin | ||
| 080 |
_aRC _b169 |
||
| 100 | _ada bataafsche leeuw | ||
| 245 | _aGalle VOC - vestiging in Ceylon 1760 | ||
| 260 |
_ade bataafsche leewa _bAmsterdam _c1994 |
||
| 300 | _a248p. : ill ; 29 cm | ||
| 650 | _aGalle VOC - vestiging in Ceylon 1760 | ||
| 942 | _cBK | ||
| 999 |
_c234210 _d234210 |
||